គ្រប់គ្រងគំរោងជនបទ (Record no. 19715)
[ view plain ]
| 000 -LEADER | |
|---|---|
| fixed length control field | 00371nam a22001217a 4500 |
| 040 ## - CATALOGING SOURCE | |
| Transcribing agency | RUA |
| 082 ## - DEWEY DECIMAL CLASSIFICATION NUMBER | |
| Classification number | 277 SOR 2107 C230 Or. |
| 100 ## - MAIN ENTRY--AUTHOR NAME | |
| Personal name | លាវ លាងហៃ,ធឿន ប៊ុនធៀន,ស៊ តូម៉ា |
| 245 ## - TITLE STATEMENT | |
| Title | គ្រប់គ្រងគំរោងជនបទ |
| 260 ## - PUBLICATION, DISTRIBUTION, ETC. (IMPRINT) | |
| Place of publication | RUA |
| Name of publisher | SOR |
| Year of publication | 2017 |
| 300 ## - PHYSICAL DESCRIPTION | |
| Number of Pages | 12p. |
| 942 ## - ADDED ENTRY ELEMENTS (KOHA) | |
| Koha item type | សៀវភៅភាសាខ្មែរ |
| 952 ## - LOCATION AND ITEM INFORMATION (KOHA) | |
| Withdrawn status [LOCAL, KOHA] | 0 |
| Source of acquisition | Permanent Location | Date acquired | Koha item type | Lost status | Shelving location | Current Location | Full call number |
|---|---|---|---|---|---|---|---|
| A062829 | Library Block C | 2021-03-19 | សៀវភៅភាសាខ្មែរ | C230 | Library Block C | 277 SOR 2017 C230 Or. |